000 00265nam a22001097a 4500
008 170123b xxu||||| |||| 00| 0 eng d
020 _a9781418050269
041 _aeng
080 _22ND
_a618.2
245 _aNURSING LEADERSHIP & MANAGEMENT
_cKELLY, P
942 _2udc
_cBK
999 _c3373
_d3373